000 00714nam a22002297a 4500
005 20170124110109.0
010 _a195666
020 _c00.00
035 _a195666
037 _bCen Lib/Ret
040 _aDPL
_bEN
082 _a921
_bLEE
100 _aLee, Bruce
_928697
245 _aPresident kennedy :
_cby Bruce Lee
_bboyhood to White House /
260 _aLondon
_bBlandford Press
_c1961
270 _bLondon
300 _a187p.
_c18cm(Hb)
500 _aIncludes index
650 _aKennedy, John F. -- (John Fitzgerald), -- 1917-1963 -- Juvenile literature
_928698
650 _aPresidents -- United States -- Biography -- Juvenile literature
_928699
942 _2ddc
_cEN
_h921
_mLEE
999 _c130247
_d130247